000 01538cam a22003734a 4500
999 _c6737
_d6737
001 16450572
003 OSt
005 20200311105702.0
008 100908s2010 enka b 001 0 eng c
010 _a 2010282471
020 _a9780745644509
020 _a0745644503
020 _a9780745644516 (pbk.)
020 _a0745644511 (pbk.)
035 _a(OCoLC)ocn548626239
040 _aYDXCP
_cPUL
_dYDXCP
_dOCLCQ
_dNLGGC
_dBWX
_dBWK
_dCDX
_dSTF
_dNTE
_dDLC
042 _apcc
082 0 0 _a330.12
_222
_bCEN 2010
100 1 _aCenteno, Miguel Angel,
_d1957-
_913825
245 1 0 _aGlobal capitalism :
_ba sociological perspective /
_cMiguel A. Centeno, Joseph N. Cohen.
260 _aCambridge ;
_aMalden, MA :
_bPolity,
_c2010.
300 _aix, 246 p. :
_bill. ;
_c22 cm.
504 _aIncludes bibliographical references (p. 213-231) and index.
505 0 _aGlobal capitalism -- Trade -- Finance and wealth -- Marketing and consumption -- Governance -- Inequality -- Living with limits.
650 0 _aCapitalism
_xSocial aspects.
_913826
650 0 _aGlobalization
_xSocial aspects.
_913827
650 0 _aInternational economic relations.
_91023
700 1 _aCohen, Joseph Nathan,
_d1976-
_913828
856 4 2 _3Publisher description
_uhttp://www.loc.gov/catdir/enhancements/fy1013/2010282471-d.html
856 4 1 _3Table of contents only
_uhttp://www.loc.gov/catdir/enhancements/fy1013/2010282471-t.html
906 _a7
_bcbc
_cpccadap
_d2
_encip
_f20
_gy-gencatlg
942 _2ddc
_cO_SHELF